Yi zhi mai cang zhe di ge /
Saved in:
| Main Author: | |
|---|---|
| Other Authors: | , |
| Format: | Book |
| Language: | Chinese |
| Published: |
Hefei Shi :
Anhui wen yi chu ban she,
1985.
|
| Edition: | Di 1 ban. |
| Subjects: | |
| Tags: |
Add Tag
No Tags, Be the first to tag this record!
|
| LEADER | 00989cam a2200301 a 4500 | ||
|---|---|---|---|
| 001 | 007734447-2 | ||
| 005 | 20100803161217.0 | ||
| 008 | 971031s1985 cc ac 000 0 chi d | ||
| 035 | 0 | |a ocm37875275 | |
| 040 | |a MdU |c MdU |d MH-HY |d CStRLIN | ||
| 100 | 1 | |6 880-01 |a Wang, Wenzhong. | |
| 245 | 1 | 0 | |6 880-02 |a Yi zhi mai cang zhe di ge / |c Wang Wenzhong, Yu Linming, Li Xianyi. |
| 246 | 1 | 4 | |a Yizhimaicang zhuodege |
| 250 | |6 880-03 |a Di 1 ban. | ||
| 260 | |6 880-04 |a Hefei Shi : |b Anhui wen yi chu ban she, |c 1985. | ||
| 300 | |a 4, 119 p. : |b ill., ports. ; |c 19 cm. | ||
| 500 | |a Poems. | ||
| 653 | |a Chinese poetry | ||
| 700 | 1 | |6 880-05 |a Yʻu, Lin-ming. | |
| 700 | 1 | |6 880-06 |a Li, Xianyi. | |
| 880 | 1 | |6 100-01 |a 王文忠. | |
| 880 | 1 | 0 | |6 245-02 |a 一支埋藏着的歌 / |c 王文忠, 余林明, 李先轶. |
| 880 | |6 250-03 |a 第1版. | ||
| 880 | |6 260-04 |a 合肥市 : |b 安徽文艺出版社, |c 1985. | ||
| 880 | 1 | |6 700-05 |a 余林明. | |
| 880 | 1 | |6 700-06 |a 李先轶. | |
| 988 | |a 20021120 | ||
| 906 | |0 OCLC | ||


